Normal view MARC view

Entry Topical Term

Number of records used in: 1

001 - CONTROL NUMBER

  • control field: 3949

003 - CONTROL NUMBER IDENTIFIER

  • control field: OSt

005 - DATE AND TIME OF LATEST TRANSACTION

  • control field: 20110511132530.0

008 - FIXED-LENGTH DATA ELEMENTS

  • fixed length control field: 110511|||a|||||| | ||| d

040 ## - CATALOGING SOURCE

  • Original cataloging agency: OSt
  • Transcribing agency: OSt

150 ## - HEADING--TOPICAL TERM

  • Topical term or geographic name as entry element: Law reports, digests, etc.
  • Geographic subdivision: Africa, East.

670 ## - SOURCE DATA FOUND

  • Source citation: Work cat.: (OSt): The East Africa law reports 2002 Vol.2 /, c2003-